Statistics for Philippines First Level Subdivisions

Click here to take the quiz!

General Stats

  • This quiz has been taken 71 times
  • The average score is 8 of 17

Answer Stats

Rehiyong pampangasiwaan% Correct
Davao
73%
Bicol
62%
Central Luzon
58%
Central Visayas
58%
Eastern Visayas
58%
Western Visayas
58%
Cordillera
46%
Ilocos
46%
Northern Mindanao
46%
National Capital
42%
Cagayan Valley
38%
Calabarzon
35%
Caraga
35%
Mindanao
35%
Soccsksargen
35%
Zamboanga Peninsula
27%
Southwestern Tagalog
12%

Score Distribution

Percentile by Number Answered

Percent of People with Each Score

Your Score History

You have not taken this quiz